=LDR 00000nam 2200000 4500 =001 INLIS000000000017746 =005 20130612112950 =008 ***********************************Ind** =035 ##$$0010-061300000017746 =041 ##$$a Ind =082 ##$$a 618.2 =090 ##$$a 618.2, Uri k =100 ##$$a Uripni, Khristina Lia =245 ##$$a Komunikasi kebidanan, Dra Christina Lia Uripni =260 ##$$a EGC $b Jakarta =300 ##$$a vii, 108 hlm, ilus, 21 cm =650 ##$$a Kebidanan, Ilmu =850 ##$$a NBPNMAT